000 00373nam a22001577a 4500
003 OSt
005 20260224130149.0
008 260224b |||||||| |||| 00| 0 eng d
040 _cFLL
041 _aENG
100 _aKARTIK , KAUSHIK
_91116544
245 _aBHARTIYA NYAY SANHITA 2023
_hENG
260 _aNEW DELHI
_bTAXMAN
_c2025
300 _a606
942 _2CC
_cTB
_n0
999 _c1680127
_d1680127